000 07035namaa22004451i 4500
003 EG-GICUC
005 20260415122646.0
008 260331s2025 ua a|||frm||| 000 0 eng d
040 _aEG-GICUC
_beng
_cEG-GICUC
_dEG-GICUC
_erda
041 0 _aeng
_beng
_bara
049 _aDeposit
082 0 4 _a610.7362
092 _a610.7362
_221
097 _aPh.D
099 _aCai01.17.05.Ph.D.2025.Mo.E
100 0 _aMousa Abdel Fattah Mousa Hassan,
_epreparation.
245 1 0 _aEffect of using nursing care bundle on developing ventilator associated pneumonia among infants /
_cby Mousa Abdel Fattah Mousa Hassan ; Advisors Prof. Dr. Azza Abdel Moghny Attia, Prof. Dr. Gehan Ahmed El Samman, Prof. Dr. Hanaa Ibrahim Rady.
246 1 5 _aتأثير إستخدام حزمة الرعاية التمريضية على الإصابة بالإلتهابالرئوى المصاحب لجهاز التنفس الصناعي بين الرضع
264 0 _c2025.
300 _a121 + 90 Leaves :
_billustrations ;
_c30 cm. +
_eCD.
336 _atext
_2rda content
337 _aUnmediated
_2rdamedia
338 _avolume
_2rdacarrier
502 _aThesis (Ph.D)-Cairo University, 2025.
504 _aBibliography: pages 102-121.
520 3 _aApplying nursing care bundle on mechanically ventilated infants play a role in decreasing the incidence of ventilator associated pneumonia and improving their outcomes. Aim: To evaluate the effect of using nursing care bundle on developing ventilator associated pneumonia among infants. Design: A quasi-experimental research pre/post-test. A purposive sample of 100 infants on mechanical ventilator aged ranges from one to 12 month divided equally into study and control groups. The study was carried out at pediatric intensive care units of two hospitals. Three tools including personal characteristics and medical history questionnaire, nursing care bundle and ventilator associated pneumonia indicator’s record. Results: three-fifths and less of infants in the study and control groups their age ranged from 6 to 12 months and from 1 to less than 6 months respectively. The main diagnosis was respiratory distress. Minority among both groups had unplanned extubation, mechanical ventilation days among the study group were less than the control group with significant difference. One fifth and more than one third of infants developed ventilator associated pneumonia among study and control groups respectively. Highly statistically significant negative correlations were detected between various components of the nursing care bundle and development of ventilator associated pneumonia. Conclusion: Application of the nursing care bundle significantly decrease the incidence of ventilator associated pneumonia among infants on mechanical ventilation as well as mean mechanical ventilation days, corticosteroids use and mortality. Recommendation: Application of nursing care bundle in pediatric intensive care units should be used as a routine care for infants.
520 3 _aيُعد تطبيق حزمة الرعاية التمريضية على الرضّع المتصلينبأجهزة التنفس الصناعي ذا دور مهم في تقليل معدل حدوث الالتهاب الرئوي المصاحبلجهاز التنفس الصناعي وتحسين نتائجهم الصحية. هدفت هذه الدراسة إلىتقييمتأثير استخدام حزمة الرعاية التمريضية على الإصابة بالالتهاب الرئوي المصاحب لجهاز التنفس الصناعي بين الرضع.اعتمدت الدراسة على تصميم شبه تجريبي باستخدام اختبار قبلي وبعدي، وشملت عينة لغرض البحث مكونة من 100 رضيع على جهاز التنفس الصناعي تتراوح أعمارهم بين شهر واحد واثني عشر شهرًا، تم تقسيمهم بالتساوي إلى مجموعتين: مجموعة الدراسة والمجموعة الضابطة. أُجريت الدراسة في وحدات العناية المركزة للأطفال في مستشفيين، واستخدمت ثلاث أدوات بحثية تمثلت في استبيان البيانات الشخصية والتاريخ الطبي للرضيع، وحزمة الرعاية التمريضية، وسجل مؤشرات الالتهاب الرئوي المصاحبلجهاز التنفس الصناعي. أظهرت النتائج أن ثلاثة أخماس الرضّع في مجموعة الدراسة تراوحت أعمارهم بين 6 إلى 12 شهرًا، بينما كانت أعمار أقل من ثلاثة أخماس الرضّع في المجموعة الضابطة بين شهر واحد وأقل من 6 أشهر، وكان التشخيص الرئيسي لديهم هو صعوبة في التنفس. كما تبين أن نسبة قليلة من الرضّع في كلا المجموعتين تعرضت للفَصْل بدون تخطيط مسبق (عن طريق الخطأ)، وأن مدة اتصال الرضع بجهاز التنفس الصناعي في مجموعة الدراسة كانت أقل من المجموعة الضابطة بفارق ذي دلالة إحصائية. أُصيب نحو خمس الرضّع في مجموعة الدراسة، بينما أُصيب أكثر من ثلث الرضّع في المجموعة الضابطة بالالتهاب الرئوي المصاحب لجهاز التنفس الصناعي. وكشفت الدراسة عن وجد ارتباط سلبي ذات دلالة إحصائية عالية بين مختلف مكونات حزمة الرعاية التمريضية وحدوث الالتهاب الرئوي المصاحب لجهاز التنفس الصناعي. واستنتجت الدراسة أنيُسهم تطبيق حزمة الرعاية التمريضية بشكل كبير في تقليل معدل حدوث الالتهاب الرئوي المرتبط بجهاز التنفس الاصطناعي بين الرُضّع، بالإضافة إلى تقليل متوسط أيام استخدام جهاز التنفس الاصطناعي، وتقليل استخدام الكورتيزون، وتقليل معدل الوفيات.
530 _aIssues also as CD.
546 _aText in English and abstract in Arabic & English.
650 0 _aPediatric Nursing
650 0 _aتمريض الأطفال
653 1 _aInfants
_anursing care bundle
_aventilator-associated pneumonia
_aالرضع
_aحزمة الرعاية التمريضية
700 0 _aAzza Abdel Moghny Attia
_ethesis advisor.
700 0 _aGehan Ahmed El Samman
_ethesis advisor.
700 0 _aHanaa Ibrahim Rady
_ethesis advisor.
900 _b01-01-2025
_cAzza Abdel Moghny Attia
_cGehan Ahmed El Samman
_cHanaa Ibrahim Rady
_UCairo University
_FFaculty of Nursing
_DDepartment of Pediatric Medicine Nursing
905 _aShimaa
_eEman Ghareb
942 _2ddc
_cTH
_e21
_n0
999 _c179111